Statistiken für Sauerland A-Z

Klicken Sie hier um das Quiz zu spielen!

Allgemein

  • Dieses Quiz wurde 102 mal gespielt
  • Das Durchschnittsergebnis liegt bei 15 aus 26

Antwortstatistiken

FrageAntwort% Korrekt
CPartei, dessen Vorsitzender Friedrich Merz aus dem Sauerland kommtCDU
96%
NBundesland, in dem sich ein Großteil des Sauerlandes befindetNordrhein-Westfalen
91%
VÜberregional bekannte BiermarkeVeltins
91%
ABezirkshaupstadt Südwestfalens an der RuhrArnsberg
80%
IGrößte Stadt des Sauerlandes im Märkischen KreistIserlohn
80%
OKreis und Stadt im SauerlandOlpe
75%
QDie #Q der Ruhr befindet sich bei WinterbergQuelle
72%
HGroßstadt am Rand des Ruhrgebietes, welche als Tor zum Sauerland giltHagen
69%
KZweithöchster Berg des Sauerlandes in Winterberg, beliebt bei WintersportlernKahler Asten
67%
UKreis, welcher im Nordwesten an das Sauerland angrenztUnna
67%
WStadt im Kreis Soest mit bekannter Brauerei und MontgolfiadeWarstein
62%
FFreizeitpark in Bestwig im Wildwest-StilFort Fun
61%
MGrößter See von #N im Norden des SauerlandesMöhnesee
61%
XStadt, in der 1614 ein Vertrag geschlossen wurde, durch den das Märkische Land an Brandenburg fiel.Xanten
61%
YOrkan, welcher 2007 große Waldbestände im Sauerland zerstörte (enthält ein y)Kyrill
59%
TWichtiger Wirtschaftszweig durch Wintersport und WanderwegeTourismus
59%
BStausee bei AttendornBiggesee
55%
LKreisstadt des Märkischen KreisesLüdenscheid
52%
GStadtteil Meschedes, in dem #V gebraut wirdGrevenstein
45%
RHöchster Gebirgszug des SauerlandesRothaargebirge
45%
SFlächengrößte Stadt des Sauerlandes im HochsauerlandkreisSchmallenberg
40%
JDas erste dieser Art von Hotel befindet sich in AltenaJugendherberge
33%
ZBand, dessen "Herz für das Sauerland schlägt"Zoff
31%
ELuftkurort im HochsauerlandkreisEslohe
29%
DFilm über und Bezeichnung der britischen Bomber, welche die Sauerländer Staumauern zerstörten (Englische Bezeichnung)Dam Busters
5%
PAuflauf aus Kartoffeln, Eiern, Sahne, Zwiebeln und SpeckPotthucke
5%

Verteilung der Resultate

Perzentil nach korrekt beantworteten Fragen

Anzahl Personen mit jedem Resultat

Ihre Resultats-Entwicklung

Sie haben dieses Quiz noch nicht gespielt